| 000 | 00897nam a22002057a 4500 | ||
|---|---|---|---|
| 003 | JO-AjAnu | ||
| 005 | 20231209092846.0 | ||
| 008 | 231204b jo ||||| |||| 00| 0 ara d | ||
| 040 |
_bara _cJO-AjAnu _dANU |
||
| 100 |
_aمركز دراسات الأمة _964622 _eمؤلف |
||
| 245 |
_aدور الحركة الإسلامية في الاردن في مجال التربية والتعليم والثقافة / _cمركز دراسات الأمة |
||
| 250 | _aالطبعة الاولى | ||
| 260 |
_aعمان: _bمركز دراسات الأمة، _c2022 |
||
| 300 | _a279 صفحه | ||
| 490 |
_aسلسلة انجازات الحركة الإسلامية في الاردن _v1 |
||
| 650 | _vالحركة الإسلامية-التربية والتعليم-الأردن | ||
| 700 |
_aمحمد قطيشات _964623 _eمشرف |
||
| 700 |
_aجمال الاشقر _964624 _eمشرف |
||
| 942 |
_2lcc _cBK _n0 |
||
| 999 |
_c33243 _d33243 |
||